000 00465nam a2200169Ia 4500
008 090711s9999 xx 000 0 und d
082 _b327
100 _aपै शिरीष
245 _aकमलपत्र
260 _bमनोरमा प्रकाशन
_c1998
300 _a190
600 _aपै शिरीष
630 _aकमलपत्र
700 _aपै शिरीष
730 _aकमलपत्र
942 _cBOOK
999 _c330702
_d330702